More like us making America great again

שמור ב:
מידע ביבליוגרפי
מחבר ראשי: Fallows, James
פורמט: ספר
שפה:Undetermined
יצא לאור: Boston Houghton Mifflin Company 1989
תגים: הוספת תג
אין תגיות, היה/י הראשונ/ה לתייג את הרשומה!
Thư viện lưu trữ: Trung tâm Học liệu Trường Đại học Cần Thơ
LEADER 00429nam a2200157Ia 4500
001 CTU_79342
008 210402s9999 xx 000 0 und d
082 |a 338.9 
082 |b F196 
100 |a Fallows, James 
245 0 |a More like us making America great again 
245 0 |c James Fallows 
260 |a Boston 
260 |b Houghton Mifflin Company 
260 |c 1989 
980 |a Trung tâm Học liệu Trường Đại học Cần Thơ